[Event "LTU-chT"]
[Site "Lithuania"]
[Date "2022.03.19"]
[Round "6.4"]
[White "Ziogas, Modestas"]
[Black "Valiunas, Rimantas"]
[Result "0-1"]
[WhiteElo "2113"]
[BlackElo "2072"]
[PlyCount "110"]
[EventDate "2022.03.11"]
[EventType "team-swiss"]
[EventRounds "7"]
[EventCountry "LTU"]
[SourceTitle "CBM 207 Extra"]
[Source "ChessBase"]
[SourceDate "2022.05.31"]
[SourceVersion "1"]
[SourceVersionDate "2022.05.31"]
[SourceQuality "1"]
[WhiteTeam "Vilnius Juoda Balta"]
[BlackTeam "Panevezio Gigant"]
[WhiteTeamCountry "LTU"]
[BlackTeamCountry "LTU"]

1. d4 d5 2. Nc3 Nf6 3. Bg5 Bf5 4. e3 Nbd7 5. Bd3 Bxd3 6. Qxd3 c6 7. Nf3 Qa5 8. 0-0 e6 9. a3 Bd6 10. e4 dxe4 11. Nxe4 Nxe4 12. Qxe4 h6 13. Bh4 Qd5 14. Qd3 0-0 15. Rae1 Rae8 16. c4 Qh5 17. b4 f5 18. c5 Bb8 19. d5 exd5 20. Be7 Rf7 21. Bd6 Rxe1 22. Rxe1 Bxd6 23. cxd6 Qg6 24. Nd4 Qxd6 25. Re6 Qf4 26. g3 Qc1+ 27. Kg2 f4 28. Qg6 fxg3 29. hxg3 Nf8 30. Re8 Rf6 31. Qg4 Qc4 32. Re7 Rf7 33. Re8 a5 34. Qd1 axb4 35. axb4 Qxb4 36. Ne6 Qe4+ 37. Kg1 Qf5 38. Qd4 Qf6 39. Qe3 Re7 40. Rxe7 Qxe7 41. Nc5 Qxe3 42. fxe3 b6 43. Nd3 Nd7 44. Nb4 Ne5 45. Kf2 Kf7 46. e4 dxe4 47. Ke3 Ke6 48. Kxe4 Kd6 49. Nc2 c5 50. Ne3 g6 51. Nd1 b5 52. Nc3 b4 53. Na4 Nc4 54. Kd3 Kd5 55. Kc2 h5 0-1

[Event "LTU-chT"]
[Site "Lithuania"]
[Date "2019.03.30"]
[Round "4.5"]
[White "Valiunas, Rimantas"]
[Black "Ziukas, Saulius"]
[Result "1-0"]
[WhiteElo "2064"]
[BlackElo "1183"]
[PlyCount "41"]
[EventDate "2019.01.26"]
[EventType "team-swiss"]
[EventRounds "7"]
[EventCountry "LTU"]
[SourceTitle "CBM 189 Extra"]
[Source "ChessBase"]
[SourceDate "2019.05.31"]
[SourceVersion "1"]
[SourceVersionDate "2019.05.31"]
[SourceQuality "1"]
[WhiteTeam "Marijampole Suduvos Jaunimas"]
[BlackTeam "Kaunas Margiris III"]
[WhiteTeamCountry "LTU"]
[BlackTeamCountry "LTU"]

1. Nf3 d5 2. g3 c5 3. Bg2 Nc6 4. d4 Nf6 5. 0-0 Bg4 6. c3 cxd4 7. cxd4 e6 8. Nc3 a6 9. h3 Bxf3 10. Bxf3 Be7 11. Be3 0-0 12. Rc1 Bd6 13. Bg2 b5 14. Nxd5 Nxd5 15. Bxd5 exd5 16. Rxc6 Qd7 17. Qc2 Rfd8 18. Kg2 Rac8 19. Rc1 Ra8 20. Rb6 Rdc8 21. Rxd6 1-0

[Event "WchT Seniors 50"]
[Site "Vilnius"]
[Date "2014.07.19"]
[Round "7.1"]
[White "Kveinys, Aloyzas"]
[Black "Valiunas, Rimantas"]
[Result "1-0"]
[WhiteElo "2527"]
[BlackElo "2038"]
[PlyCount "65"]
[EventDate "2014.07.13"]
[EventType "team-swiss"]
[EventRounds "9"]
[EventCountry "LTU"]
[SourceTitle "CBM 161 Extra"]
[Source "ChessBase"]
[SourceDate "2014.08.29"]
[SourceVersion "1"]
[SourceVersionDate "2014.08.29"]
[SourceQuality "1"]
[WhiteTeam "Lithuania"]
[BlackTeam "Lithuania Marijampole"]
[WhiteTeamCountry "LTU"]
[BlackTeamCountry "LTU"]

1. d4 d5 2. c4 c6 3. Nc3 Nf6 4. e3 Bf5 5. Nf3 e6 6. Nh4 Bg4 7. Qb3 Qc7 8. h3 Bh5 9. Bd2 Nbd7 10. Rc1 dxc4 11. Bxc4 Nb6 12. Bd3 Rd8 13. a4 Be7 14. g4 Bg6 15. Nxg6 hxg6 16. a5 Nc8 17. a6 bxa6 18. g5 Nd5 19. Bxa6 0-0 20. Nxd5 Rxd5 21. Qc2 Bxg5 22. Qxc6 Qxc6 23. Rxc6 Nd6 24. Bb4 Rd8 25. 0-0 Rd7 26. Rfc1 Bd8 27. R1c5 Ne4 28. Rc2 Ba5 29. Ba3 Rg5+ 30. Kf1 e5 31. Rc8+ Kh7 32. Re8 Rf5 33. Bc8 1-0

[Event "WchT Seniors 50"]
[Site "Vilnius"]
[Date "2014.07.15"]
[Round "3.2"]
[White "Valiunas, Rimantas"]
[Black "Arkell, Keith C"]
[Result "0-1"]
[WhiteElo "2038"]
[BlackElo "2433"]
[PlyCount "74"]
[EventDate "2014.07.13"]
[EventType "team-swiss"]
[EventRounds "9"]
[EventCountry "LTU"]
[SourceTitle "CBM 161 Extra"]
[Source "ChessBase"]
[SourceDate "2014.08.29"]
[SourceVersion "1"]
[SourceVersionDate "2014.08.29"]
[SourceQuality "1"]
[WhiteTeam "Lithuania Marijampole"]
[BlackTeam "England"]
[WhiteTeamCountry "LTU"]
[BlackTeamCountry "ENG"]

1. Nf3 Nf6 2. g3 b5 3. Bg2 Bb7 4. 0-0 e6 5. d3 Be7 6. e4 d6 7. Nbd2 0-0 8. Re1 c5 9. a4 a6 10. axb5 axb5 11. Rxa8 Bxa8 12. c4 bxc4 13. Nxc4 d5 14. exd5 Bxd5 15. Bd2 Nc6 16. Bc3 Qc7 17. Qe2 Rd8 18. Nfe5 Bxg2 19. Kxg2 Nxe5 20. Bxe5 Qb7+ 21. Kg1 Qb3 22. Bxf6 Bxf6 23. Rd1 h6 24. Kg2 Rd5 25. Rd2 Rd4 26. Qd1 Qb7+ 27. Qf3 Qd7 28. Qe2 g5 29. h3 Kg7 30. Ne3 Kg6 31. Nc2 Qb7+ 32. f3 Rd7 33. Na3 Kg7 34. Nc4 Rd4 35. Ne3 h5 36. Nc2 Ra4 37. Ne3 Ra1 0-1

[Event "WchT Seniors 50"]
[Site "Vilnius"]
[Date "2014.07.14"]
[Round "2.5"]
[White "Valiunas, Rimantas"]
[Black "Laine, Panu"]
[Result "1-0"]
[WhiteElo "2038"]
[BlackElo "2168"]
[PlyCount "31"]
[EventDate "2014.07.13"]
[EventType "team-swiss"]
[EventRounds "9"]
[EventCountry "LTU"]
[SourceTitle "CBM 161 Extra"]
[Source "ChessBase"]
[SourceDate "2014.08.29"]
[SourceVersion "1"]
[SourceVersionDate "2014.08.29"]
[SourceQuality "1"]
[WhiteTeam "Lithuania Marijampole"]
[BlackTeam "Finland"]
[WhiteTeamCountry "LTU"]
[BlackTeamCountry "FIN"]

1. Nf3 d5 2. g3 Nf6 3. Bg2 e6 4. 0-0 Be7 5. d3 0-0 6. Nbd2 c5 7. e4 Nc6 8. Re1 Qc7 9. Qe2 b5 10. Nf1 dxe4 11. dxe4 Ba6 12. e5 Nd7 13. Bf4 Rac8 14. a4 Qb6 15. axb5 Qxb5 16. Rxa6 1-0

[Event "Panevezys op-A 26th"]
[Site "Panevezys"]
[Date "2013.08.13"]
[Round "2"]
[White "Bazevicius, Albertas"]
[Black "Valiunas, Rimantas"]
[Result "1/2-1/2"]
[WhiteElo "1907"]
[BlackElo "2079"]
[PlyCount "66"]
[EventDate "2013.08.12"]
[EventType "swiss"]
[EventRounds "9"]
[EventCountry "LTU"]
[SourceTitle "CBM 155 Extra"]
[Source "ChessBase"]
[SourceDate "2013.08.26"]
[SourceVersion "1"]
[SourceVersionDate "2013.08.26"]
[SourceQuality "1"]

1. d4 d5 2. c4 c6 3. Nc3 Nf6 4. cxd5 cxd5 5. Nf3 Nc6 6. g3 e6 7. Bg2 Be7 8. 0-0 0-0 9. Ne5 Qb6 10. e3 Nxe5 11. dxe5 Nd7 12. f4 Rd8 13. Kh1 g6 14. Qe2 Nc5 15. Rd1 Bd7 16. b3 Rac8 17. Bb2 a6 18. Rac1 Bc6 19. Rc2 Rd7 20. Qf2 Rcd8 21. Ne2 Bb5 22. Bd4 Bxe2 23. Qxe2 Qa5 24. Bc3 Qa3 25. Ra1 b5 26. Rac1 Nb7 27. Bd4 Qb4 28. Rc6 Ra8 29. Qc2 Bd8 30. Bc3 Qe7 31. Bd4 Qb4 32. Bc3 Qe7 33. Bd4 Qb4 1/2-1/2

[Event "Panevezys op-A 26th"]
[Site "Panevezys"]
[Date "2013.08.12"]
[Round "1"]
[White "Valiunas, Rimantas"]
[Black "Kaunas, Kestutis"]
[Result "0-1"]
[WhiteElo "2079"]
[BlackElo "2239"]
[PlyCount "73"]
[EventDate "2013.08.12"]
[EventType "swiss"]
[EventRounds "9"]
[EventCountry "LTU"]
[SourceTitle "CBM 155 Extra"]
[Source "ChessBase"]
[SourceDate "2013.08.26"]
[SourceVersion "1"]
[SourceVersionDate "2013.08.26"]
[SourceQuality "1"]

1. Nf3 d5 2. g3 Bg4 3. Bg2 c6 4. b3 Nd7 5. Bb2 e6 6. 0-0 Ngf6 7. c4 Be7 8. d3 0-0 9. Na3 a5 10. Nc2 a4 11. cxd5 axb3 12. axb3 cxd5 13. Ne3 Bxf3 14. Bxf3 Qb6 15. g4 Nc5 16. Rb1 Nfd7 17. Bd4 Bf6 18. Bxf6 Nxf6 19. b4 Ncd7 20. h3 Ne5 21. Bg2 Ng6 22. Qd2 Nf4 23. Rfc1 h5 24. gxh5 N6xh5 25. Nf1 Rfc8 26. e3 Nxg2 27. Kxg2 e5 28. Rxc8+ Rxc8 29. Rc1 Qg6+ 30. Ng3 Rxc1 31. Qxc1 Nxg3 32. fxg3 Qxd3 33. g4 b5 34. Qc5 d4 35. exd4 exd4 36. Qe7 f6 37. Qe8+ 0-1